<?xml version="1.0" encoding="UTF-8"?>
<record
    xmlns:xsi="http://www.w3.org/2001/XMLSchema-instance"
    xsi:schemaLocation="http://www.loc.gov/MARC21/slim http://www.loc.gov/standards/marcxml/schema/MARC21slim.xsd"
    xmlns="http://www.loc.gov/MARC21/slim">

  <leader>00902nam a2200229Ia 4500</leader>
  <controlfield tag="003">IN-BaIIA</controlfield>
  <controlfield tag="008">211028s9999    xx            000 0 eng d</controlfield>
  <datafield tag="020" ind1=" " ind2=" ">
    <subfield code="a">0379-6566</subfield>
  </datafield>
  <datafield tag="040" ind1=" " ind2=" ">
    <subfield code="c">IIA Library</subfield>
  </datafield>
  <datafield tag="080" ind1=" " ind2=" ">
    <subfield code="a">524(082.2)</subfield>
    <subfield code="b">ESA</subfield>
  </datafield>
  <datafield tag="111" ind1=" " ind2=" ">
    <subfield code="a">International Symposium on New Insights in Astrophysics</subfield>
    <subfield code="c">London</subfield>
    <subfield code="d">1986 July 14-16</subfield>
    <subfield code="9">18341</subfield>
  </datafield>
  <datafield tag="245" ind1=" " ind2="0">
    <subfield code="a">New insights in astrophysics</subfield>
    <subfield code="b">proceedings of an International symposium held at University College London, 14-16-July, 1986</subfield>
    <subfield code="c">compiled by E. J. Rolfe                                    </subfield>
  </datafield>
  <datafield tag="260" ind1=" " ind2=" ">
    <subfield code="a">France,</subfield>
    <subfield code="b">European Space Agency</subfield>
    <subfield code="c">1986</subfield>
  </datafield>
  <datafield tag="300" ind1=" " ind2=" ">
    <subfield code="a">xv, 724 p.</subfield>
  </datafield>
  <datafield tag="490" ind1=" " ind2=" ">
    <subfield code="a">ESA SP-263</subfield>
  </datafield>
  <datafield tag="650" ind1=" " ind2=" ">
    <subfield code="a">Astronomy and Astrophysics Thesaurus</subfield>
  </datafield>
  <datafield tag="650" ind1=" " ind2=" ">
    <subfield code="a">Astrophysics</subfield>
    <subfield code="9">794</subfield>
  </datafield>
  <datafield tag="650" ind1=" " ind2=" ">
    <subfield code="a">International Ultraviolet Explorer</subfield>
    <subfield code="9">12266</subfield>
  </datafield>
  <datafield tag="700" ind1=" " ind2=" ">
    <subfield code="a">Rolfe, E. J. comp.</subfield>
    <subfield code="9">13650</subfield>
  </datafield>
  <datafield tag="710" ind1=" " ind2=" ">
    <subfield code="a">National Aeronautics and Space Administration.</subfield>
    <subfield code="9">4960</subfield>
  </datafield>
  <datafield tag="942" ind1=" " ind2=" ">
    <subfield code="c">BK</subfield>
  </datafield>
  <datafield tag="999" ind1=" " ind2=" ">
    <subfield code="c">10751</subfield>
    <subfield code="d">10751</subfield>
  </datafield>
  <datafield tag="952" ind1=" " ind2=" ">
    <subfield code="0">0</subfield>
    <subfield code="1">0</subfield>
    <subfield code="4">0</subfield>
    <subfield code="7">0</subfield>
    <subfield code="a">BAN</subfield>
    <subfield code="b">BAN</subfield>
    <subfield code="c">GEN</subfield>
    <subfield code="d">1993-08-04</subfield>
    <subfield code="l">0</subfield>
    <subfield code="o">524(082.2)/ ESA</subfield>
    <subfield code="p">11662</subfield>
    <subfield code="r">2021-11-05</subfield>
    <subfield code="w">1993-08-04</subfield>
    <subfield code="y">BK</subfield>
  </datafield>
</record>
